Nom des stades de L1/L2 2024-2025 - Statistiques

Statistiques générales
  • Ce quiz a été pris 140 fois
  • Le résultat moyen est 19 sur 36
Statistiques - réponses
Hint Réponse % Correct
L1 Olympique de Marseille Orange Vélodrome
96%
L1 Paris SG Parc des Princes
96%
L1 AS Monaco Stade Louis II
96%
L1 Toulouse FC Stadium de Toulouse
91%
L1 AS Saint-Étienne Stade Geoffroy-Guichard
88%
L1 Olympique Lyonnais Groupama Stadium
87%
L1 FC Nantes Stade de la Beaujoire
85%
L1 AJ Auxerre Stade de l'Abbé-Deschamps
82%
L1 RC Lens Stade Bollaert-Delelis
76%
L1 OGC Nice Allianz Riviera
75%
L1 LOSC Decathlon Arena - Stade Pierre Mauroy
75%
L1 RC Strasbourg Alsace Stade de la Meinau
72%
L1 Montpellier HSC Stade de la Mosson
69%
L1 Angers SCO Stade Raymond Kopa
67%
L2 Amiens SC Stade Crédit Agricole de la Licorne
65%
L1 Le Havre AC Stade Océane
65%
L1 Stade Brestois Stade Francis-Le Blé
64%
L2 EA Guingamp Stade du Roudourou
62%
L1 Stade Rennais Roazhon Park
60%
L2 FC Lorient Stade du Moustoir - Yves Allainmat
52%
L2 Paris FC Stade Charléty
47%
L2 ESTAC Troyes Stade de l'Aube
44%
L1 Stade de Reims Stade Auguste-Delaune
43%
L2 FC Metz Stade Saint-Symphorien
43%
L2 Grenoble Foot Stade des Alpes
41%
L2 Clermont Foot Stade Gabriel Montpied
36%
L2 FC Annecy Parc des Sports
27%
L2 Stade Malherbe de Caen Stade Michel d'Ornano
25%
L2 Red Star FC Stade Bauer
24%
L2 Stade Lavallois Stade Francis Le Basser
15%
L2 SC Bastia Stade Armand Cesari
14%
L2 USL Dunkerque Stade Marcel-Tribut
9%
L2 Rodez Aveyron Football Stade Paul Lignon
8%
L2 Pau FC Stade du Hameau
7%
L2 FC Martigues Stade Francis Turcan
5%
L2 AC Ajaccio Stade Michel-Moretti
5%
Aucun quiz correspondant
Distribution des résultats
% des personnes avec chaque résultat
Percentile par nombre de réponses
Votre historique - résultats
Vous n’avez pas pris ce quiz